banner-ar

مأساة مدام فهمى : (Record no. 60834)

MARC details
000 -الفاتح
حقل البيانات ثابتة الطول 00867nam a22002537a 4500
005 - وقت وتاريخ اخر تعامل مع التسجيلة
رقم الضبط 20240530110430.0
008 - عناصر البيانات ثابتة الطول - معلومات عامة
حقل البيانات ثابتة الطول 150330s2011 ua oa f 000 0 ara d
017 ## - رقم الايداع القانونى
رقم الايداع القانونى 2008/17636
المصدر ( الهيئة المختصة) مصر . دار الكتب المصرية
020 ## - الرقم الدولى المعيارى للكتب
الرقم الدولى المعيارى للكتاب 9789770925170
040 ## - مصدر الفهرسة
وكالة الفهرسة الأصلية EG-CaGPL
082 04 - رقم تصنيف ديوى العشرى
رقم الطبعة 21
رقم التصنيف 923.2
رقم المادة ق/ص م
100 0# - المدخل الرئيسى - إسم شخصى
الإسم الشخصى صلاح عيسى
245 10 - بيان العنوان
العنوان مأساة مدام فهمى :
بقية العنوان حكايات من دفتر الوطن /
بيان المسئوليه,etc صلاح عيسى.
250 ## - بيان الطبعة
بيان الطبعة ط1.
260 ## - PUBLICATION, DISTRIBUTION, ETC. (IMPRINT)
تاريخ النشر أو التوزيع 2011.
300 ## - الوصف المادى
التعداد 298 ص :
تفاصيل ماديه اخرى للوعاء صور ؛
أبعاد الوعاء 26 سم.
600 0# - المدخل الاضافى بالموضوع-اسم شخصى
الإسم الشخصى مارجريت ميلر
600 0# - المدخل الاضافى بالموضوع-اسم شخصى
الإسم الشخصى مارجريت ميلر
التقسيم الفرعي الشكلي صور
600 0# - المدخل الاضافى بالموضوع-اسم شخصى
الإسم الشخصى على فهمى
التقسيم الفرعي الشكلي صور
600 0# - المدخل الاضافى بالموضوع-اسم شخصى
الإسم الشخصى على فهمى
651 04 - المدخل الاضافى بالموضوع - اسم جغرافى
الاسم الجغرافي مصر
التقسيم الفرعي العام الاحوال السياسية
942 ## - عناصر المدخل الإضافي( كوها)
مصدر التصنيف او مخطط الترفيف Dewey Decimal Classification
Koha [default] item type كتاب
260 ## - PUBLICATION, DISTRIBUTION, ETC. (IMPRINT)
-- القاهرة :
-- دار الشروق ،
Holdings
حالة التراجع حالة الفقد حالة تلف ليس للاعارة المكان المؤقت الموقع الحالى تاريخ الاكتساب اجمالي اﻻعارات رقم الطلب الباركود تاريخ اخر مشاهدة تاريخ تفعيل السعر نوع وعاء كوها
        مكتبة القاهرة الكبرى مكتبة القاهرة الكبرى 03/30/2015   923.2 ق/ص م 160000 03/30/2015 03/30/2015 كتاب

Powered By

EGPV